LEADER 02214nam0 2200493 i 450 001 TO01280614 005 20251003044410.0 010 $a8840140077 020 $aIT$b2005-5856 100 $a20150403d2004 ||||0itac50 ba 101 | $aita 102 $ava 181 1$6z01$ai $bxxxe 182 1$6z01$an 200 1 $aChierici e ministero sacro nel Codice latino e orientale$eprospettive interecclesiali$fDimitrios Salachas, Luigi Sabbarese 210 $aCittą del Vaticano$cUrbaniana University press$d[2004]$eRoma$gAbilgraph 215 $a392 p.$d21 cm. 225 | $aStudia$v50 410 0$1001BVE0156368$12001 $aStudia$v50 606 $aChierici$xDiritto canonico$2FIR$3CFIC024988$9I 606 $aChierici$xDiritto canonico$xChiese orientali$2FIR$3CFIC155181$9I 676 $a262.94$9DIRITTO E DISCIPLINA DELLA CHIESA. CODEX IURIS CANONICI (1983)$v21 696 $aGius canonico 696 $aChiese sui iuris$aChiese cattoliche di rito orientale$aChiese d'Oriente$aChiese cattoliche orientali$aChiese orientali cattoliche$aGius canonico 699 $aDiritto canonico$yGius canonico 699 $aChiese orientali$yChiese sui iuris 699 $aChiese orientali$yChiese cattoliche di rito orientale 699 $aChiese orientali$yChiese d'Oriente 699 $aChiese orientali$yChiese cattoliche orientali 699 $aChiese orientali$yChiese orientali cattoliche 699 $aDiritto canonico$yGius canonico 700 1$aSalachas$b, Dimitrios$3MILV103008$4070$0257781 701 1$aSabbarese$b, Luigi$3BVEV024762$4070$0437347 790 1$aSalachas$b, D?m?trios$3CFIV222924$zSalachas, Dimitrios 790 1$aSalachas$b, Dimitri$3SBNV102005$zSalachas, Dimitrios 801 3$aIT$bIT-000000$c20150403 850 $aIT-BN0095 $aIT-NA0228 901 $bNAP 01$cD $n$ 901 $bNAP DO$cEX BIBL. $n$ 912 $aTO01280614 950 0$aBiblioteca Centralizzata di Ateneo$d 01D (C) 19 032$e 01C 0800190325 VMA 1 v.$fY $h20121120$i20121120 977 $a 01$a DO 996 $aChierici e ministero sacro nel Codice latino e orientale$968297 997 $aUNISANNIO